00791nam a2200205 i 4500001000700000003000900007005001700016007000300033008004100036100004300077245009800120260005800218300002100276500003600297530003500333650003100368710005200399852002400451856011000475123712ES-MaACL20250716063301.0t|070214s1901 sp r ||||1| spa d0 aRamón Llull,cBeato,dca. 1232-1316?10aLibro de la Orden de Caballería / cdel B. Raimundo Lulio ; traducido en lengua castellana. aBarcelona : bReal Academia de Buenas Letras, c1901. a78 p. ; c35 cm. aTexto en español y lemosín. aDisponible en formato digital.04aCaballeros y caballería.2 aReial Acadèmia de Bones Lletres de Barcelona. aES-MaACLjT-991-F-9 uhttps://bvpb.mcu.es/es/consulta/registro.do?id=577722 zBiblioteca Virtual del Patrimonio Bibliográfico